Детски кът за развитие - Център за психологическа подкрепа за деца и семейства (Запис номер 88437)
[ съкратено ]
| 000 -Лидер | |
|---|---|
| Контролно поле с фиксирана дължина | 02263nam a2200445 c 4500 |
| 003 - Код на организацията, давaща контролен номер | |
| Контролно поле | BLK |
| 005 - Дата и час на последна редакция | |
| Контролно поле | 20230407151705.0 |
| 008 - Елементи от данни с фиксирана дължина | |
| fixed length control field | 180408b bul|||||r ||||||| ||bul|| |
| 010 ## - Наследен системен номер | |
| LC control number | KNG00093101000 |
| 040 ## - Източник на каталожния запис | |
| Идентификатор на билиотеката - собственик на записа | BLK |
| 041 ## - Код за език | |
| Код за езика на текст/звукозапис или на отделно заглавие | Български |
| Код за езика КДБФ | Български |
| 072 #7 - Код за тематичната категория | |
| Код организация | bullib |
| Код за тематична категория | К |
| Текст | Краезнание |
| 072 #7 - Код за тематичната категория | |
| Код организация | bullib |
| Код за тематична категория | Н15 |
| Текст | Психология Н |
| 080 ## - УДК | |
| Текстов определител УДК | Психология на детската и юношеска възраст |
| УДК код - определител по УДК | 159.922.7/.8 |
| УДК - код + определител | 159.922.7/.8 |
| 080 ## - УДК | |
| Текстов определител УДК | Социална работа с деца |
| УДК код - определител по УДК | 364.4-053.2 |
| УДК - код + определител | 364.4-053.2 |
| 080 ## - УДК | |
| Текстов определител УДК | Социална педагогика |
| УДК код - определител по УДК | 37.013.42 |
| УДК - код + определител | 37.013.42 |
| 100 1# - Редна дума - Автор | |
| Автор | Анчева, Ана |
| Авторска отговорност | първи автор |
| R(LIN) | 303166 |
| 139 ## - Редно поле | |
| Редна дума | Детски кът за развитие - Център за психологическа подкрепа за деца и семейства |
| Авторски знак | Дес - Д 45 |
| 245 10 - Сведения за заглавието | |
| Заглавие | Детски кът за развитие - Център за психологическа подкрепа за деца и семейства |
| Подзаглавни данни | Наръчник за работещите в сферата на дет. психично здраве и услугите за деца : Методика за интегрирана здравно-социална услуга : |
| Редно поле (дума) | Ана Анчева; състав. Ана Анчева. |
| 257 ## - Страна на издаване | |
| Страна на създаване/издаване | България |
| 260 ## - Област на издателските данни | |
| Име на издателя, разпространителя и проч. | Сдружение Дете и пространство |
| Година на издаване | 2011 |
| 300 ## - Физическа характеристика | |
| Страници | 64 с. |
| Размери/Мащаб | 24 см |
| 380 ## - Жанр | |
| Жанр | Философия |
| 500 ## - Общи забележки | |
| Забележка | По проект BG051PO001-5.2.06-0038-С-0001. - За авторите. |
| 650 #4 - Допълнително описание по предмет – тема | |
| Основно описание – тема или топоним | Детска и педагогическа психология |
| 9 (RLIN) | 244538 |
| 650 #4 - Допълнително описание по предмет – тема | |
| Основно описание – тема или топоним | Педагогика, социална |
| 9 (RLIN) | 165970 |
| 650 #4 - Допълнително описание по предмет – тема | |
| Основно описание – тема или топоним | Социална работа - наръчници и ръководства |
| 9 (RLIN) | 284260 |
| 653 ## - Ключова дума – ненормативна | |
| Ключова дума | детска психология |
| 653 ## - Ключова дума – ненормативна | |
| Ключова дума | педагогическа психология |
| 653 ## - Ключова дума – ненормативна | |
| Ключова дума | социална педагогика |
| 653 ## - Ключова дума – ненормативна | |
| Ключова дума | социална работа |
| 659 ## - Тематичен бюлетин | |
| Тематичен бюлетин | К |
| 659 ## - Тематичен бюлетин | |
| Тематичен бюлетин | Н |
| 700 1# - Други автори (авторска отговорност) | |
| Лично име | Анчева, Ана |
| Автороска отговорност (Описва отношението между автора и произведението) | състав. |
| 9 (RLIN) | 373258 |
| 852 ## - Местоположение | |
| Форматна сигнатура | Цб 254683 |
| 852 ## - Местоположение | |
| Форматна сигнатура | К 1/Д 45 |
| 856 4# - Електронен адрес и достъп | |
| Електронен формат | pdf - файл |
| 856 4# - Електронен адрес и достъп | |
| Електронен формат | pdf - файл |
| 999 ## - СИСТЕМНИ КОНТРОЛНИ НОМЕРА | |
| Koha biblionumber | 88437 |
| Koha biblioitemnumber | 88437 |
| 942 ## - АРТИКУЛИ | |
| Вид на библиотечния материал | Книги |
| Скрит в OPAC | Не |
| Koha issues (borrowed), all copies | 1 |
| Периодичен библиозапис | Да |
| 944 ## - СЪЗДАВАНЕ И РЕДАКЦИЯ на ЗАПИСА | |
| Създаване/Редакция | Създаване |
| Дата на регистрацията/редакция | 26.03.2012 |
| Статус, дата на статуса | ф / |
| Служител, извършил регистрацията/редакцията | Людмила_Стоянова |
| 944 ## - СЪЗДАВАНЕ И РЕДАКЦИЯ на ЗАПИСА | |
| Създаване/Редакция | Редакция |
| Дата на регистрацията/редакция | 23.08.2013 |
| Статус, дата на статуса | ф / |
| 999 ## - СИСТЕМНИ КОНТРОЛНИ НОМЕРА | |
| Koha biblioitemnumber | 88437 |
| Код за отписване | Код за изгубен артикул | Източник на класификационната схема | Код за повреда | Коз за рестрикции | Код за отдаване | Артикулен № | Име на библиотеката - собственик | Име на библиотеката, в която се намира в момента | Статус (Текущо местоположение) | Дата на вписване в системата | Местоположение - отдел | Цена в лева | Инвентарен номер | Систематично азбучна сигнатура | Баркод | Номер на екземпляра | Цена в евро | Служебна бележка | Служебен тип на артикула |
|---|---|---|---|---|---|---|---|---|---|---|---|---|---|---|---|---|---|---|---|
| Изтеглен | Не е изгубен | Universal Decimal Classification | Не е повреден | без рестрикции | заемане за дома | 143403 | Регионална библиотека "Любен Каравелов" Русе | Регионална библиотека "Любен Каравелов" Русе | Заемна - подръчен фонд | 2012-03-26 | Заемна - подръчен фонд | 8.00 | 120000756694 | П 159.922.7/Д 45 | 120000756694 | 1 | 4.09 | Дост: DA Вид: А N: 5 Дата: 23.03.2012 Дата инв: 01.02.2018 Бележки инв: П2018 | Книги |
| Не е изгубен | Universal Decimal Classification | Не е повреден | без рестрикции | заемане за дома | 143404 | Регионална библиотека "Любен Каравелов" Русе | Регионална библиотека "Любен Каравелов" Русе | Заемна - подръчен фонд | 2012-03-26 | Заемна - подръчен фонд | 8.00 | 120000756695 | П 159.922.7/Д 45 | 120000756695 | 2 | 4.09 | Дост: DA Вид: А N: 5 Дата: 23.03.2012 Дата инв: 01.02.2018 Бележки инв: П2018 | Книги | |
| Не е изгубен | Universal Decimal Classification | Не е повреден | без рестрикции | заемане за дома | 143405 | Регионална библиотека "Любен Каравелов" Русе | Регионална библиотека "Любен Каравелов" Русе | Заемна - подръчен фонд | 2012-03-26 | Заемна - подръчен фонд | 8.00 | 120000756696 | П 159.922.7/Д 45 | 120000756696 | 3 | 4.09 | Дост: DA Вид: А N: 5 Дата: 23.03.2012 Дата инв: 01.02.2018 Бележки инв: П2018 | Книги | |
| Не е изгубен | Не е повреден | без рестрикции | ползва се в читалня | 143406 | Регионална библиотека "Любен Каравелов" Русе | Регионална библиотека "Любен Каравелов" Русе | Краезнание | 2012-03-26 | Краезнание | 8.00 | 120000756697 | К 1/Д 45 | 120000756697 | 4 | 4.09 | Дост: DA Вид: А N: 5 Дата: 23.03.2012 Дата инв: 08.11.2017 Бележки инв: К2017 | Книги |